00979 a2200205 45000010006000000050017000060080041000230030015000640400040000790800091001192450097002102640031003073000019003385050318003570410008006751000016006837000022006997000028007217000024007493991720260407155656.0260407a1996 arg spa dAR-UNSa-BCEJYS aAR-UNSa-BCEJYSbspacAR-UNSa-BCEJYS a378.14xOrganización y estructuración de los estudios( Educación a distancia...)10aLa educación a distancia en el sector públicopmanual para la elaboración de proyectos 1aBuenos Aires :bINAPc1996 a165 p.c20 cm. a1. Presentación - 2. Introducción - 3. Precisiones conceptuales - 4. La modalidad más adecuada - 5. La elaboración de proyectos de educación a distancia - 6. Proceso metdológico para el desarrollo de proyectos - 7. Los materiales - 8. Las tutorias - 9. Pautas mínimas para el desarrollo de proyectos aspa1 aMena, Marta1 aPautasso, Marcelo1 aGatica, María Jesús1 aDiez, María Laura